Fundamentos de geología física

Bibliographic Details
Main Author: Leet, L. Dont
Format: Section = Libro
Language:Undetermined
Spanish
Published: México Limusa 2004
Subjects:
LEADER 00483nam a2200181Ia 4500
008 240829s9999 xx 000 0 und d
020 |a 968-18-0475-9 
040 |a BIBLIOTECA-RUPAP 551 L477 
041 |a spa 
082 |a 551 L477 
100 1 |a Leet, L. Dont  
245 1 0 |a Fundamentos de geología física 
260 |a México  |b Limusa  |c 2004 
300 |a 450 p. :il. 
650 7 |a GEOLOGIA FISICA. I. Judson, Sheldon, coaut. II. Tít. 
942 |c BK  |2 ddc 
991 |a TEXTO 
999 |c 8585